On This Day: December 6th Quiz Stats

 Plays Quiz Updated Dec 6, 2017

Challenge
Share
Tweet
Embed
Score 0/7 Timer 03:00
0 Plays Today
Question Answer Wrong Answers
This National Park in Florida is dedicated.
1947
Everglades
94.4%
Badlands
1.3%
Mammoth Cave
0.9%
Acadia
1.3%
The first edition of this general knowledge English-language encyclopedia is published.
1768
Encyclopædia Britannica
94.3%
The Children's Encyclopædia
1.1%
Columbia Encyclopedia
1.5%
Collier's Encyclopedia
3%
In Venezuela, this man is elected president.
1998
Hugo Chávez
88.7%
Nicolás Maduro
3.8%
Evo Morales
2.9%
Rafael Correa
2.5%
Theodore Roosevelt articulates his ‘Corollary’ to the ______ Doctrine, stating that the US would intervene in the Western Hemisphere should Latin American governments prove incapable or unstable.
1904
Monroe
85.8%
Madison
6.4%
Polk
4.2%
Tyler
2.1%
This obelisk monument on the National Mall in Washington, D.C. is completed.
1884
Washington Monument
83%
Lincoln Memorial
10.6%
Thomas Jefferson Memorial
3.9%
Peace Monument
1.6%
NASA reveals photographs taken by the Mars Global Surveyor that suggest the presence of ______ on Mars.
2006
Liquid Water
83%
Microorganisms
6.3%
Plant Life
6.9%
Fossils
1.4%
The Central Powers capture this Romanian capital city and force the Romanian government into retreat.
1916
Bucharest
68.3%
Minsk
4.9%
Chișinău
5%
Budapest
19.9%

You're not logged in!

Compare scores with friends on all Sporcle quizzes.
OR
Log In

You Might Also Like...

Show Comments

Extras

Top Quizzes Today


Score Distribution

Your Account Isn't Verified!

In order to create a playlist on Sporcle, you need to verify the email address you used during registration. Go to your Sporcle Settings to finish the process.

Report this User

Report this user for behavior that violates our Community Guidelines.

Details: